000 00464nam a2200133Ia 4500
008 170221s9999 xx 000 0 und d
100 _aChiaku Chukwuogor
245 _aPublic Finance, Micro Finance and Accelerated Economic Development for the Eradication of Extreme Poverty in Sub Sahara Africa
245 _cChiaku Chukwuogor
260 _c2013
300 _a11 : 1
650 _xBusiness
856 _uhttp://www.globip.com/articles/african-vol10-article1.pdf
999 _c311587
_d311587